=LDR 00000nam 2200000 4500 =001 INLIS000000000005267 =005 20251010021101 =035 ##$$a 0010-1025000322 =007 ta =008 251010###########################0#ind## =082 ##$$a 363.960 =084 ##$$a 363.960 BAD p =100 #$$a Badan Koordinasi Keluarga Berencana Nasional =245 1#$$a PENELITIAN TENTANG PENGETAHUAN, SIKAP DAN PRAKTEK (PSP) KELUARGA BERENNCANA WNI KETURUNAN CINA DI SULAWESI SELATAN /$c Badan Koordinasi Keluarga Berencana Nasional =260 ##$:$b Badan Koordinasi Keluarga Berencana Nasional =300 ##$$a 6 Hal : $b Ilus =650 #4$$a Keluarga Berencana =856 ##$$a Perpustakaan Kemendukbangga